• 首页
  • 本馆介绍
  • 公告通知
  • 最新文献
  • 馆藏检索
  • 电子资源
  • 读者导购
  • 参考咨询
  • 我的图书馆
  • 登录
  • 详细信息显示
  • 放入我的书架
  • 预约/预借图书
  • 作者相关作品
  • 分类相关作品
  • 丛书相关作品
  • 出版社相关作品

书目信息

  • 表格格式
  • 工作单格式
  • 卡片格式
题名:
空间测量与制图
    
 
作者: 陈云浩 编著
分册:  
出版信息: 北京   北京师范大学出版社  2017.03
页数: 261页
开本: 23cm
丛书名:
单 册:
中图分类: P236
科图分类:
主题词: 空间测量--高等学校--教材 , 宇宙制图学--高等学校--教材
电子资源:
ISBN: 978-7-303-22097-7
000 00816nam0 2200253 450
001 5513
005 20181016163939.07
010    @a978-7-303-22097-7@dCNY35.00
100    @a20180217d2017 em y0chiy50 ea
101 0  @achi
102    @aCN@b110000
105    @aa z 000yy
200 1  @a空间测量与制图@9kong jian ce liang yu zhi tu@f陈云浩[等]主编
205    @a2版
210    @a北京@c北京师范大学出版社@d2017.03
215    @a261页@c图@d23cm
300    @a新世纪高等学校规划教材·地理科学系列
330    @a本书分为四篇介绍了空间测量技术基本原理、技术体系、方法应用以及发展前沿,共16章内容。
606 0  @a空间测量@x高等学校@j教材
606 0  @a宇宙制图学@x高等学校@j教材
690    @aP236@v5
701  0 @a陈云浩@9chen yun hao@f(1974.3-)@4编著
801  0 @aCN@b91MARC@c20180217
905    @aMuseLib@dP236@e293=2
    
    空间测量与制图/陈云浩[等]主编.-2版.-北京:北京师范大学出版社,2017.03
    261页:图;23cm
    新世纪高等学校规划教材·地理科学系列
    
    ISBN 978-7-303-22097-7:CNY35.00
    本书分为四篇介绍了空间测量技术基本原理、技术体系、方法应用以及发展前沿,共16章内容。
●
相关链接 在E读中查询图书 在五车中查询图书 在当当中查询图书 在豆瓣中查询图书


正题名:空间测量与制图     索取号:P236/293=2         预约/预借

序号 登录号 条形码 馆藏地/架位号 状态 备注
1 1130080   211300803   第二样本阅览室/ [索取号:P236/293=2] 在馆    
2 1130081   211300812   密集书库-资源管理系/ [索取号:P236/293=2] 在馆    
3 1130082   211300821   第三借阅区/ [索取号:P236/293=2] 在馆    
4 1130083   211300830   第三借阅区/ [索取号:P236/293=2] 在馆    
5 1130084   211300849   第三借阅区/ [索取号:P236/293=2] 在馆    
唐山师范学院图书馆 欢迎您!
大连网信软件有限公司© 版权所有